Science Quiz

Random Science or Anatomy Quiz

Optional Organs Quiz Stats

 Plays Quiz Updated Jan 14, 2018

Score 0/8 Timer 02:00
0 Plays Today
% Correct
One kidney
91.4%
Appendix
79.4%
One lung
75.2%
Gallbladder
65.4%
Spleen
60.3%
Colon
47.9%
Reproductive organs
47%
Stomach
46.4%

You're not logged in!

Compare scores with friends on all Sporcle quizzes.
OR
Log In

You Might Also Like...

Show Comments

Extras

Top Quizzes Today


Score Distribution

Your Account Isn't Verified!

In order to create a playlist on Sporcle, you need to verify the email address you used during registration. Go to your Sporcle Settings to finish the process.

Report this User

Report this user for behavior that violates our Community Guidelines.

Details: